| 000 | 00666nam a22001937a 4500 | ||
|---|---|---|---|
| 005 | 20240212144552.0 | ||
| 010 | _aENG-139187 | ||
| 020 |
_c750.00 _a9789354499173 |
||
| 035 | _aEN-122719 | ||
| 037 | _bDBAD/PUB | ||
| 082 |
_a000 _25 |
||
| 245 | _aComplete Manual for IIM Integrated Programme in Management/ | ||
| 250 | _a5 | ||
| 260 |
_aUttar Pradesh _bPearson India Education Pvt Ltd _c2022 |
||
| 270 |
_bUttar Pradesh _a15th FLoor, Tower-B, World Trade Tower, Plot No.1, Block- C, Sector-16, Noida _e201301 |
||
| 300 |
_a\vpp. _c25cm(pb) _bIndex |
||
| 500 | _aAlso Useful for Major BBA Entrance Examinations | ||
| 942 |
_2ddc _cEN _h000 _mIIM _e5 |
||
| 999 |
_c200676 _d200676 |
||